000 00316nam a22001337a 4500
008 170327b xxu||||| |||| 00| 0 eng d
020 _a9780781781251
041 _aeng
080 _a615.83
100 _a8
101 _aSHM
245 _aTHE WASHINGTON MANUAL OF MEDICAL THERAPEUTICS
_cCOOPER, D.H
942 _2udc
_cBK
999 _c8736
_d8736